| 000 | 00400nam a22001457a 4500 | ||
|---|---|---|---|
| 005 | 20240812105038.0 | ||
| 008 | 240812b |||||||| |||| 00| 0 eng d | ||
| 041 | _aeng | ||
| 082 | _bSOL | ||
| 100 |
_aSolanke Kalyani- 2K221059 & Dr. Sonali Parchure-Guide _9208199 |
||
| 245 | _aNIFTY Top 5 : A Technical Analysis Perspective | ||
| 260 |
_aPune _bSPPU _cMarch-2024 |
||
| 300 | _a46p | ||
| 942 | _cPR | ||
| 999 |
_c359439 _d359439 |
||